[Event "Aragon-chT Honor Gr I"]
[Site "Aragon"]
[Date "2023.03.11"]
[Round "7.31"]
[White "Gella Bitrian, Diego"]
[Black "Ayensa Garcia, Miguel Angel"]
[Result "0-1"]
[WhiteElo "2023"]
[BlackElo "1950"]
[PlyCount "86"]
[EventDate "2023.01.28"]
[EventType "team-tourn"]
[EventRounds "7"]
[EventCountry "ESP"]
[SourceTitle "EXT 2024"]
[Source "ChessBase"]
[SourceDate "2023.10.10"]
[SourceVersion "1"]
[SourceVersionDate "2023.10.10"]
[SourceQuality "1"]
[WhiteTeam "Huesca Club Atletismo"]
[BlackTeam "La Aurora Estadilla"]
[WhiteTeamCountry "ESP"]
[BlackTeamCountry "ESP"]

1. e4 c5 2. Nf3 g6 3. d4 cxd4 4. Nxd4 Bg7 5. Nc3 Nc6 6. Be3 Nf6 7. Bc4 Qa5 8. f3 Qb4 9. Nxc6 bxc6 10. Bb3 d5 11. e5 Nh5 12. Qd4 Qxd4 13. Bxd4 Nf4 14. Ba4 Bd7 15. 0-0-0 Ne6 16. Be3 Bxe5 17. Nxd5 cxd5 18. Bxd7+ Kxd7 19. Rxd5+ Bd6 20. Rhd1 Rhc8 21. b3 Ke8 22. Kb2 Bc5 23. Bxc5 Rxc5 24. Rxc5 Nxc5 25. b4 Ne6 26. c4 Rd8 27. Rc1 Rd2+ 28. Kb3 Kd7 29. a4 h5 30. c5 Rxg2 31. b5 Rf2 32. Kb4 Kc7 33. Ka5 Rd2 34. Ka6 Kb8 35. b6 axb6 36. cxb6 Rd5 37. Rc4 Rd4 38. Rxd4 Nxd4 39. a5 Nxf3 40. b7 Ne5 41. Kb6 Nc4+ 42. Kc6 Nxa5+ 43. Kd7 f5 0-1

[Event "Aragon-chT Honor Gr I"]
[Site "Aragon"]
[Date "2023.02.25"]
[Round "5.26"]
[White "Ayensa Garcia, Miguel Angel"]
[Black "Romero Pallares, Daniel"]
[Result "0-1"]
[WhiteElo "1950"]
[BlackElo "2280"]
[PlyCount "132"]
[EventDate "2023.01.28"]
[EventType "team-tourn"]
[EventRounds "7"]
[EventCountry "ESP"]
[SourceTitle "EXT 2024"]
[Source "ChessBase"]
[SourceDate "2023.10.10"]
[SourceVersion "1"]
[SourceVersionDate "2023.10.10"]
[SourceQuality "1"]
[WhiteTeam "La Aurora Estadilla"]
[BlackTeam "Palacio de Pioneros"]
[WhiteTeamCountry "ESP"]
[BlackTeamCountry "ESP"]

1. c4 g6 2. Nc3 Bg7 3. d4 d6 4. e4 Nf6 5. Be2 0-0 6. Nf3 Nbd7 7. Bg5 h6 8. Bh4 e5 9. dxe5 dxe5 10. Qc2 c6 11. Bxf6 Qxf6 12. 0-0 Qe7 13. a3 Nc5 14. b4 Ne6 15. g3 Re8 16. Bd3 Bd7 17. Rad1 Rad8 18. Rd2 h5 19. Ne2 Qf6 20. Kg2 Bh6 21. Rdd1 a5 22. c5 axb4 23. axb4 Ng7 24. Nfg1 h4 25. Bc4 Bg4 26. f3 Rxd1 27. Qxd1 Bc8 28. Qb3 Rd8 29. Rd1 Be6 30. Bxe6 Nxe6 31. Rd3 Qe7 32. Qd1 Rxd3 33. Qxd3 hxg3 34. hxg3 Qc7 35. Nc3 Bg7 36. Nge2 Qb8 37. Qd2 Qa8 38. Qd6 Qa6 39. b5 cxb5 40. Nd5 Qa2 41. Kf1 Qb1+ 42. Kf2 Qc2 43. Qb8+ Kh7 44. Qxb7 Nd4 45. Ndc3 Nxe2 46. Nxe2 Qxc5+ 47. Kf1 Qc4 48. Qd5 Qxd5 49. exd5 Kg8 50. Ke1 Kf8 51. Nc3 b4 52. Nb5 Ke7 53. Kd2 f5 54. Kd3 Kd7 55. g4 e4+ 56. Ke3 exf3 57. gxf5 gxf5 58. Kxf3 b3 59. Kf4 b2 60. Na3 Bf8 61. Nb1 Kd6 62. Nc3 Bg7 63. Nb1 Kxd5 64. Kxf5 Kd4 65. Kf4 Kd3 66. Kf3 Bf8 0-1

[Event "Aragon-chT Preferente Gr I"]
[Site "Aragon"]
[Date "2022.03.12"]
[Round "7.48"]
[White "Moreno Burillo, Marcos Antonio"]
[Black "Ayensa Garcia, Miguel Angel"]
[Result "1-0"]
[WhiteElo "1690"]
[BlackElo "1918"]
[PlyCount "71"]
[EventDate "2022.01.29"]
[EventType "team-tourn"]
[EventRounds "9"]
[EventCountry "ESP"]
[SourceTitle "EXT 2024"]
[Source "ChessBase"]
[SourceDate "2023.10.10"]
[SourceVersion "1"]
[SourceVersionDate "2023.10.10"]
[SourceQuality "1"]
[WhiteTeam "IberCaja II"]
[BlackTeam "Casablanca MyInvestor II"]
[WhiteTeamCountry "ESP"]
[BlackTeamCountry "ESP"]

1. d4 Nf6 2. c4 e6 3. Nc3 Bb4 4. Bg5 h6 5. Bd2 0-0 6. Nf3 b6 7. e3 Bb7 8. Bd3 d5 9. cxd5 exd5 10. 0-0 Re8 11. Rc1 Bxc3 12. Bxc3 Nbd7 13. Qc2 c5 14. Bb5 Re4 15. dxc5 bxc5 16. Bxf6 Nxf6 17. Qxc5 d4 18. Nxd4 Rc8 19. Qxa7 Rxc1 20. Rxc1 Qd5 21. Qb8+ Re8 22. Qg3 Rd8 23. Qf3 Ne4 24. Bc4 Qd7 25. Qxf7+ Kh8 26. Qxd7 Rxd7 27. Be6 Re7 28. Bc8 Bd5 29. Bf5 Nd6 30. Bb1 Re5 31. Nf3 Re7 32. Rd1 Rc7 33. Ne1 Rc5 34. f3 Nc4 35. Rc1 Rb5 36. Bd3 1-0

[Event "Aragon-chT Honor Gr-I"]
[Site "Aragon"]
[Date "2020.03.07"]
[Round "7.30"]
[White "Ayensa Garcia, Miguel Angel"]
[Black "Montes Santos, Lorenzo"]
[Result "1/2-1/2"]
[WhiteElo "1970"]
[BlackElo "2064"]
[PlyCount "42"]
[EventDate "2020.01.25"]
[EventType "team-tourn"]
[EventRounds "7"]
[EventCountry "ESP"]
[SourceTitle "EXT 2022"]
[Source "ChessBase"]
[SourceDate "2021.10.06"]
[SourceVersion "1"]
[SourceVersionDate "2021.10.06"]
[SourceQuality "1"]
[WhiteTeam "St Casablanca II"]
[BlackTeam "Agrupacion II"]
[WhiteTeamCountry "ESP"]
[BlackTeamCountry "ESP"]

1. c4 Nf6 2. Nc3 d5 3. cxd5 Nxd5 4. e4 Nxc3 5. dxc3 Qxd1+ 6. Kxd1 e5 7. Be3 Be6 8. Bb5+ c6 9. Ba4 Nd7 10. Bb3 Bxb3+ 11. axb3 Bc5 12. Ke2 Ke7 13. Nf3 f6 14. Rhd1 Bxe3 15. Kxe3 Nc5 16. b4 Ne6 17. Nd2 Rhd8 18. g3 a6 19. Nb3 Rxd1 20. Rxd1 Rd8 21. Rxd8 Kxd8 1/2-1/2

[Event "Aragon-chT Honor Gr-I"]
[Site "Aragon"]
[Date "2020.02.29"]
[Round "6.26"]
[White "Garcia Fernandez, Javier"]
[Black "Ayensa Garcia, Miguel Angel"]
[Result "0-1"]
[WhiteElo "2171"]
[BlackElo "1970"]
[PlyCount "134"]
[EventDate "2020.01.25"]
[EventType "team-tourn"]
[EventRounds "7"]
[EventCountry "ESP"]
[SourceTitle "EXT 2022"]
[Source "ChessBase"]
[SourceDate "2021.10.06"]
[SourceVersion "1"]
[SourceVersionDate "2021.10.06"]
[SourceQuality "1"]
[WhiteTeam "Teruel"]
[BlackTeam "St Casablanca II"]
[WhiteTeamCountry "ESP"]
[BlackTeamCountry "ESP"]

1. e4 c5 2. Nf3 e6 3. d4 cxd4 4. Nxd4 Nf6 5. Nc3 Nc6 6. Nxc6 dxc6 7. Qxd8+ Kxd8 8. Bg5 h6 9. 0-0-0+ Ke8 10. Bh4 g5 11. Bg3 Nh5 12. Bc7 Bd7 13. e5 Rc8 14. Bd6 Bxd6 15. Rxd6 Ke7 16. Ne4 c5 17. Be2 Nf4 18. Bf3 Ng6 19. Rhd1 Nxe5 20. Rxd7+ Nxd7 21. Nd6 b6 22. Nxf7 Kxf7 23. Rxd7+ Kf6 24. Rxa7 Rcd8 25. a4 Rd4 26. a5 bxa5 27. Rxa5 Rc8 28. h3 Rf4 29. Kd2 Rc7 30. Ke3 Rb4 31. b3 c4 32. bxc4 Rcxc4 33. Ra2 Kg6 34. Be2 Re4+ 35. Kd2 Rf4 36. Bd3+ Kf6 37. Ke3 Ra4 38. Rb2 Rfb4 39. Rxb4 Rxb4 40. g3 Rb1 41. Kf3 Rb4 42. Ke3 Rb1 43. Kf3 h5 44. Bh7 Rh1 45. Kg2 Ra1 46. Kf3 Ke5 47. Ke3 Ra4 48. Bg6 h4 49. Bd3 g4 50. f4+ Kf6 51. gxh4 gxh3 52. Kf3 h2 53. Kg2 Rxf4 54. Kxh2 Rxh4+ 55. Kg3 Ra4 56. Kf3 Ke5 57. Ke3 Ra3 58. Kf3 Kd4 59. Ke2 e5 60. Kd2 e4 61. c3+ Ke5 62. Bc4 Kf4 63. Bd5 e3+ 64. Kd3 Ra7 65. Ke2 Rh7 66. Bg8 Rh2+ 67. Kd3 Rd2+ 0-1

[Event "Aragon-chT Honor Gr-I"]
[Site "Aragon"]
[Date "2020.01.25"]
[Round "1.22"]
[White "Ayensa Garcia, Miguel Angel"]
[Black "Escartin Lacasa, Jose"]
[Result "0-1"]
[WhiteElo "1970"]
[BlackElo "2125"]
[PlyCount "48"]
[EventDate "2020.01.25"]
[EventType "team-tourn"]
[EventRounds "7"]
[EventCountry "ESP"]
[SourceTitle "EXT 2022"]
[Source "ChessBase"]
[SourceDate "2021.10.06"]
[SourceVersion "1"]
[SourceVersionDate "2021.10.06"]
[SourceQuality "1"]
[WhiteTeam "St Casablanca II"]
[BlackTeam "Jaque"]
[WhiteTeamCountry "ESP"]
[BlackTeamCountry "ESP"]

1. c4 c6 2. e4 d5 3. exd5 Nf6 4. d4 cxd5 5. Nc3 g6 6. Qb3 Bg7 7. cxd5 0-0 8. Be2 Qb6 9. Qxb6 axb6 10. Bf3 Na6 11. d6 Nb4 12. dxe7 Re8 13. Kd1 Bf5 14. Be3 Rxe7 15. Kd2 Nc2 16. Rc1 Nxe3 17. fxe3 Bh6 18. Re1 Rae8 19. Nd1 Rc7 20. Nc3 Rc4 21. Kd1 Bxe3 22. Nge2 b5 23. a3 b4 24. axb4 Rxb4 0-1

[Event "Aragon-chT Preferente Gr-II"]
[Site "Aragon"]
[Date "2019.03.02"]
[Round "6.67"]
[White "Arinez Bruna, Octavio"]
[Black "Ayensa Garcia, Miguel Angel"]
[Result "1/2-1/2"]
[WhiteElo "1905"]
[BlackElo "1849"]
[PlyCount "123"]
[EventDate "2019.01.26"]
[EventType "team-tourn"]
[EventRounds "9"]
[EventCountry "ESP"]
[SourceTitle "EXT 2020"]
[Source "ChessBase"]
[SourceDate "2019.10.17"]
[SourceVersion "1"]
[SourceVersionDate "2019.10.17"]
[SourceQuality "1"]
[WhiteTeam "El Olivar II"]
[BlackTeam "St Casablanca II"]
[WhiteTeamCountry "ESP"]
[BlackTeamCountry "ESP"]

1. Nf3 Nf6 2. c4 c5 3. g3 Nc6 4. Nc3 g6 5. Bg2 Bg7 6. d4 cxd4 7. Nxd4 Nxd4 8. Qxd4 d6 9. 0-0 0-0 10. Qd3 Nd7 11. b3 Nc5 12. Qd2 a5 13. Bb2 Bd7 14. Rfd1 Bc6 15. Nd5 Bxb2 16. Qxb2 Nd7 17. Qd4 Rb8 18. Rac1 Nc5 19. Qh4 Bxd5 20. Bxd5 e6 21. Qxd8 Rfxd8 22. Bf3 Kf8 23. h4 Ke7 24. e3 b5 25. cxb5 Rxb5 26. Be2 Rb6 27. Rc4 Rb4 28. Rdc1 Rdb8 29. Kg2 a4 30. bxa4 Rxc4 31. Bxc4 Nxa4 32. Bb3 Nc5 33. Rc3 h5 34. Kf3 Nxb3 35. axb3 d5 36. Ke2 Kd6 37. Kd3 f6 38. e4 g5 39. f3 e5 40. exd5 Kxd5 41. Ke3 gxh4 42. gxh4 Rb4 43. Rd3+ Ke6 44. Kf2 Rxh4 45. Rd8 Rb4 46. Rh8 h4 47. Kg2 f5 48. Re8+ Kf6 49. Rf8+ Kg6 50. Rg8+ Kf7 51. Rh8 Kg7 52. Rh5 Kg6 53. Rh8 Kg5 54. Rg8+ Kf4 55. Rh8 Ke3 56. Rh5 e4 57. fxe4 f4 58. Rxh4 f3+ 59. Kg3 f2 60. Rf4 Rxb3 61. Rf8 Kxe4+ 62. Kxf2 1/2-1/2

[Event "Salou op U2300 3rd"]
[Site "Salou"]
[Date "2018.04.28"]
[Round "2"]
[White "Ayensa Garcia, Miguel Angel"]
[Black "Ayensa Vazquez, Jose Angel"]
[Result "1-0"]
[WhiteElo "1779"]
[BlackElo "1470"]
[PlyCount "83"]
[EventDate "2018.04.28"]
[EventType "swiss"]
[EventRounds "7"]
[EventCountry "ESP"]
[SourceTitle "CBM 184 Extra"]
[Source "ChessBase"]
[SourceDate "2018.06.28"]
[SourceVersion "1"]
[SourceVersionDate "2018.06.28"]
[SourceQuality "1"]

1. e4 c5 2. Nf3 d6 3. c4 Nf6 4. Nc3 a6 5. d4 cxd4 6. Nxd4 Nc6 7. f3 Bd7 8. Be3 e6 9. Qd2 Be7 10. 0-0-0 Rc8 11. Kb1 Na5 12. b3 e5 13. Nc2 Nc6 14. g4 Be6 15. h4 Rb8 16. h5 b5 17. cxb5 axb5 18. Bxb5 Qc7 19. Bxc6+ Qxc6 20. g5 Nd7 21. Nd5 Nc5 22. Bxc5 Qxc5 23. g6 fxg6 24. hxg6 h6 25. Qc3 Qxc3 26. Nxc3 Rf8 27. Rhf1 Rf6 28. Ne3 Rxg6 29. Ncd5 Kd7 30. Nc4 Rg2 31. Nde3 Re2 32. Nxe5+ Ke8 33. N5c4 Ra8 34. Rd2 Rxd2 35. Nxd2 Bg5 36. f4 Bf6 37. Ndc4 Ke7 38. a4 h5 39. f5 Bxf5 40. Nd5+ Kd7 41. Nxf6+ gxf6 42. Nb6+ 1-0

[Event "Aragon-chT Honor Descenso"]
[Site "Aragon"]
[Date "2018.03.24"]
[Round "9.28"]
[White "Ayensa Garcia, Miguel Angel"]
[Black "Martin Catalan, Juan Vicente"]
[Result "1/2-1/2"]
[WhiteElo "1779"]
[BlackElo "2055"]
[PlyCount "62"]
[EventDate "2018.03.17"]
[EventType "team-tourn"]
[EventRounds "10"]
[EventCountry "ESP"]
[SourceTitle "EXT 2019"]
[Source "ChessBase"]
[SourceDate "2018.10.10"]
[SourceVersion "1"]
[SourceVersionDate "2018.10.10"]
[SourceQuality "1"]
[WhiteTeam "St Casablanca II"]
[BlackTeam "Teruel"]
[WhiteTeamCountry "ESP"]
[BlackTeamCountry "ESP"]

1. c4 c5 2. g3 Nf6 3. Bg2 Nc6 4. Nc3 g6 5. Nf3 Bg7 6. 0-0 0-0 7. d4 cxd4 8. Nxd4 Qb6 9. Nxc6 bxc6 10. Qc2 Rb8 11. b3 d6 12. e4 Bb7 13. Bb2 Rfd8 14. Na4 Qa5 15. Bc3 Qc7 16. f4 c5 17. Rfe1 Bc6 18. e5 Ne8 19. Bxc6 Qxc6 20. exd6 Qxd6 21. Bxg7 Nxg7 22. Rad1 Qc7 23. Nc3 Rxd1 24. Qxd1 e6 25. Ne4 Nf5 26. Qd7 Qa5 27. Rd1 Qxa2 28. Qc7 Qxb3 29. Rd8+ Rxd8 30. Qxd8+ Kg7 31. Qf6+ Kh6 1/2-1/2

[Event "Aragon-chT Honor Gr I"]
[Site "Aragon"]
[Date "2018.02.24"]
[Round "5.16"]
[White "Ayensa Garcia, Miguel Angel"]
[Black "Andreu Sin, Raul"]
[Result "1/2-1/2"]
[WhiteElo "1779"]
[BlackElo "2041"]
[PlyCount "43"]
[EventDate "2018.01.27"]
[EventType "team-tourn"]
[EventRounds "7"]
[EventCountry "ESP"]
[SourceTitle "EXT 2019"]
[Source "ChessBase"]
[SourceDate "2018.10.10"]
[SourceVersion "1"]
[SourceVersionDate "2018.10.10"]
[SourceQuality "1"]
[WhiteTeam "St Casablanca II"]
[BlackTeam "Barbastro"]
[WhiteTeamCountry "ESP"]
[BlackTeamCountry "ESP"]

1. c4 e6 2. g3 Nf6 3. Bg2 d5 4. Nf3 Be7 5. 0-0 0-0 6. b3 b6 7. Bb2 Bb7 8. e3 c5 9. Nc3 Nc6 10. cxd5 exd5 11. d4 Rc8 12. Rc1 c4 13. Ne5 cxb3 14. Nxc6 Rxc6 15. Qxb3 Rc8 16. Bh3 Rb8 17. a4 Ne4 18. Nxe4 dxe4 19. Rc3 Bc8 20. Bxc8 Rxc8 21. Rfc1 Rxc3 22. Qxc3 1/2-1/2

[Event "Aragon-chT Honor Gr I"]
[Site "Aragon"]
[Date "2018.01.27"]
[Round "1.32"]
[White "Gella Lopez, Angel"]
[Black "Ayensa Garcia, Miguel Angel"]
[Result "1/2-1/2"]
[WhiteElo "2110"]
[BlackElo "1779"]
[PlyCount "68"]
[EventDate "2018.01.27"]
[EventType "team-tourn"]
[EventRounds "7"]
[EventCountry "ESP"]
[SourceTitle "EXT 2019"]
[Source "ChessBase"]
[SourceDate "2018.10.10"]
[SourceVersion "1"]
[SourceVersionDate "2018.10.10"]
[SourceQuality "1"]
[WhiteTeam "Huesca Club Atletismo"]
[BlackTeam "St Casablanca II"]
[WhiteTeamCountry "ESP"]
[BlackTeamCountry "ESP"]

1. d4 e6 2. g3 Nf6 3. Bg2 d5 4. Nf3 c5 5. 0-0 Bd6 6. dxc5 Bxc5 7. c4 0-0 8. Nc3 dxc4 9. Qa4 a6 10. Qxc4 Qc7 11. Qb3 Nc6 12. Na4 Ba7 13. Bg5 Ne4 14. Bf4 e5 15. Nxe5 Nxf2 16. Nxc6 Nh3+ 17. Kh1 Nxf4 18. Nxa7 Be6 19. Qxb7 Qxb7 20. Bxb7 Rxa7 21. Bf3 Ng6 22. Nc5 Bc4 23. b3 Rc8 24. Rac1 Rxc5 25. Rxc4 Rxc4 26. bxc4 Ne5 27. Bd5 Rc7 28. Rc1 Kf8 29. Rc3 Rc5 30. e4 Ke7 31. Rb3 Kd6 32. Rb6+ Kd7 33. Rb7+ Rc7 34. Rb6 Nxc4 1/2-1/2